MARC

LEADER 00000nam0a2200000 4500
001 366448
005 20231102011901.0
035 |a (RuTPU)RU\TPU\retro\23811 
090 |a 366448 
100 |a 20220208d1979 k y0rusy50 ca 
101 0 |a rus 
102 |a RU 
105 |a a z 001zy 
200 1 |a Перспективы поисков залежей нефти неструктурного типа (Волго-Уральская нефтегазоносная провинция)  |e монография  |f Институт геологии и разработки горючих ископаемых 
210 |a Москва  |c Наука  |d 1979 
215 |a 80 с.  |c ил.  |e 2 вкл. л. 
320 |a Библиогр.: с. 77-79 
606 1 |a Нефтегазоносность  |x Перспективы  |2 stltpush  |3 (RuTPU)RU\TPU\subj\45608  |9 64801 
610 1 |a Волго-Уральская нефтегазоносная провинция 
610 1 |a геологический очерк 
610 1 |a стратиграфия 
610 1 |a тектоника 
610 1 |a нефть 
610 1 |a нефтяные залежи 
610 1 |a поиски 
610 1 |a геологические предпосылки 
610 1 |a ловушки неструктурного типа 
610 1 |a выявление 
610 1 |a геофизические методы 
610 1 |a газ 
610 1 |a газовые скопления 
610 1 |a монографии 
675 |a 553.98.041:551.24  |v 4 
712 0 2 |a Институт геологии и разработки горючих ископаемых  |c (Москва)  |2 stltpush  |3 (RuTPU)RU\TPU\col\294  |9 23328 
801 1 |a RU  |b 63413507  |c 20220208 
942 |c BK